zpět

Detail výsledku týmu

Pivovar Podlesí, Příbram

Datum a čas kvízu

21.5 Celkem bodů Celkový počet nahraných bodů na tomto kvízu bez doplňovacích otázek.
8. Pořadí na kvízu Konečné umístění týmu na tomto kvízu.

Zaznamenané odpovědi

# Otázka Odpověď Body Výsledky
1. V jedné z nejstarších leteckýc... Aero Vodochody 0
2. Ve věku 96 let zemřel minulý t... Čína 1
3. Minulý týden byla na seznam ne... vorařství (plavení dřeva, dřevoplavba apod.) 0
4. V úterý ráno detektivové z Nár... Xixoio 1
5. Jeden z favoritů mistrovství s... Japonsko 1
6. V tomto tématu se podíváme na... 1C 2A 3D 4B 0
7. V následujících slovech se na... 1A 2B 3C 4D 0
8. Podívejme se teď na místní jmé... C 1
9. V následujících slovech je vyn... B 0
10. Na závěr se podíváme na několi... B 1